ਗੁਰਮੁਖੀ ਲਿਪੀ ਭਾਸ਼ਾ ਤੇ ਸਾਹਿਤ / (Record no. 81286)
[ view plain ]
| 000 -LEADER | |
|---|---|
| fixed length control field | 00904nam a22002417a 4500 |
| 005 - DATE AND TIME OF LATEST TRANSACTION | |
| control field | 20131218170931.0 |
| 008 - FIXED-LENGTH DATA ELEMENTS--GENERAL INFORMATION | |
| fixed length control field | 131126b xxu||||| |||| 00| 0 eng d |
| 010 ## - LCCN (DPL NO) | |
| LC control number | PUN-7759 |
| 020 ## - INTERNATIONAL STANDARD BOOK NUMBER | |
| Terms of availability | 200.00 |
| International Standard Book Number | 9789350177334x |
| 035 ## - SYSTEM CONTROL NUMBER | |
| System control number | PN-6877 |
| 037 ## - SOURCE OF ACQUISITION | |
| Source of stock number/acquisition | DBAD / PUB |
| 037 ## - SOURCE OF ACQUISITION | |
| Source of stock number/acquisition | Unistar Books |
| 040 ## - CATALOGING SOURCE | |
| Original cataloging agency | dpl |
| Language of cataloging | pn |
| 082 ## - DEWEY DECIMAL CLASSIFICATION NUMBER | |
| Classification number | 450 |
| 100 ## - MAIN ENTRY--PERSONAL NAME | |
| Personal name | ਜੀ.ਬੀ.ਸਿੰਘ |
| 245 ## - TITLE STATEMENT | |
| Title | ਗੁਰਮੁਖੀ ਲਿਪੀ ਭਾਸ਼ਾ ਤੇ ਸਾਹਿਤ / |
| Statement of responsibility, etc | ਜੀ.ਬੀ.ਸਿੰਘ, ਗੁਲਜ਼ਾਰ ਸਿੰਘ ਕੰਗ |
| 246 ## - VARYING FORM OF TITLE | |
| Title proper/short title | Gurmukhi lippi bhasha te sahit -sardar |
| Remainder of title | by Gulzar Singh Kang |
| 260 ## - PUBLICATION, DISTRIBUTION, ETC. (IMPRINT) | |
| Place of publication, distribution, etc | Chandigarh |
| Name of publisher, distributor, etc | Unistar Books |
| Date of publication, distribution, etc | 2011 |
| 270 ## - ADDRESS | |
| City | Chandigarh |
| Address | sco-26-27, sector-34 A |
| Telephone number | 0172-5077427- 9815471219 |
| Postal code | 160022 |
| 300 4# - PHYSICAL DESCRIPTION | |
| Extent | 178p. |
| Dimensions | 22ਸੇਂਮੀ (ਸਜਿਲੱਦ) |
| 942 ## - ADDED ENTRY ELEMENTS (KOHA) | |
| Source of classification or shelving scheme | Dewey Decimal Classification |
| Item type | Punjabi Bks |
| Classification part | 450 |
| Call number suffix | ਜੀਬੀਸਿੰ |
| Withdrawn status | Lost status | Source of classification or shelving scheme | Damaged status | Not for loan | Collection code | Home library | Current library | Date acquired | Source of acquisition | Cost, normal purchase price | Total Checkouts | Full call number | Barcode | Date last seen | Copy number | Cost, replacement price | Koha item type |
|---|---|---|---|---|---|---|---|---|---|---|---|---|---|---|---|---|---|
| Dewey Decimal Classification | Non-fiction | D.B.Act.Division | D.B.Act.Division | 18/12/2013 | DBAD | 200.00 | 450 ਜੀਬੀਸਿੰ | PN-6877 | 18/12/2013 | 1 | 200.00 | Punjabi Bks |
